Euroopan maantiedettä kirjaimittain - D - Statistics

Yleistilastot
  • Tätä visaa on pelattu 947 kertaa
  • Keskiarvotulos 8 / 20
Vastaustilastot
Vihje Vastaus % Oikein
Irlannin pääkaupunki Dublin
100%
Sinapistaan tunnettu kaupunki Ranskassa Dijon
71%
Nimeä yksi suurimmista Rein-Ruhrin alueella sijaitsevista kaupungeista, jotka alkavat kirjaimella D Düsseldorf / Dortmund / Duisburg
65%
Venäjällä Asovanmereen laskeva joki, jonka varrella __in Rostov sijaitsee Don
62%
Kroatian eteläosissa sijaitseva historiallinen alue, jonka mukaan eräs koirarotu on nimetty Dalmatia
61%
Liittoutuneiden vuonna 1945 lähes kokonaan tuhoama saksalainen kaupunki Dresden
60%
Kiovan halki virtaava joki Dnepr
55%
Venäjän vuonna 2014 miehittämä suuri ukrainalainen kaupunki Donetsk
44%
Vanhastakaupungistaan tunnettu kaupunki Kroatian eteläosissa Dubrovnik
43%
Sveitsiläinen Maailman talousfoorumin järjestävä talviurheilukaupunki Davos
40%
Kaupunki lähellä tunnettuja valkoisia kallioita Dover
34%
Tunnetaan virallisesti nimellä Londonderry Derry
31%
Italiassa sijaitseva Alppien osa, joka on nimetty alueelle tyypillisen kivilajin mukaan Dolomiitit
31%
Tayvuonon rannalla sijaitseva kaupunki Skotlannissa Dundee
22%
Entisen Jugoslavian maiden halki kulkeva vuoristo {Dinaariset} Alpit
20%
Liittoutuneet evakuoituivat tästä Ranskan kaupungista toisessa maailmansodassa Dunkerque
19%
Unkarin toiseksi suurin kaupunki Debrecen
18%
Portossa mereen laskeva joki Duero
15%
Aiemmin nimellä Hellespontos tunnettu Turkissa Euroopan ja Aasian erottava salmi Dardanellit
13%
Mansaaren pääkaupunki Douglas
12%
Ehtoja vastaavia visoja ei löytynyt
Tulosjakauma
Jokaisen tuloksen saaneiden osuus
Persentiili vastausten määrän mukaan
Tuloshistoriasi
Et ole pelannut tätä visaa